000 00986nac a2200229 a 4500
003 Co-PeBDM
005 20240719002431.0
008 240718b2015 |||||||| |||| 00| 0 spa d
020 _a9788449300011
040 _aCo-PeBDM
_bspa
_cCo-PeBDM
_erda
082 _a136.7
_bW776c
100 _aWinnicott, Donald Woods
_d1896-1971.;
_eAutor
245 1 0 _aConozca a su niño :
_bpsicología de las primeras relaciones entre el niño y su familia; traducido por Noemi Rosemblatt.
260 _aEdiciones Hormé ; Editorial Paidós,
300 _a216 páginas ;
_c23 cm.
500 _aIncluye índice
520 _aLa finalidad de este libro, dedicado a la madre y el padre comunes, es ayudarlos a saber cómo son sus hijos y qué sucede en las fundamentales primeras relaciones del niño con su familia.
650 1 4 _2LEMB
_aPsicología infantil
700 _aNoemi Rosemblatt.
_etraductora
765 _aThe child and the family
942 _2ddc
_cBK
_n0
999 _c59363
_d59363